Bifurcation theory : an introduction with applications to partial differential equations
Αποθηκεύτηκε σε:
| Κύριος συγγραφέας: | |
|---|---|
| Μορφή: | Βιβλίο |
| Γλώσσα: | English |
| Δημοσίευση: |
New York :
Springer,
c2012
|
| Έκδοση: | 2η εκδ. |
| Σειρά: | Applied mathematical sciences (Springer-Verlag New York Inc.)
; 156 |
| Θέματα: | |
| Ετικέτες: |
Προσθήκη ετικέτας
Δεν υπάρχουν, Καταχωρήστε ετικέτα πρώτοι!
|
MARC
| LEADER | 00000nam a2200000 i 4500 | ||
|---|---|---|---|
| 001 | 1/58038 | ||
| 008 | 141014s2012 eng d | ||
| 020 | |a 978-1-4614-0501-6 | ||
| 035 | |l 10119455 | ||
| 040 | |a GR-MY-UA |b gre |e aacr | ||
| 041 | 0 | |a eng | |
| 082 | 0 | |a 515.392 |2 (23) | |
| 100 | 1 | |a Kielhofer, Hansjorg. | |
| 245 | 1 | 0 | |a Bifurcation theory : |b an introduction with applications to partial differential equations / |c Hansjorg Kielhofer |
| 250 | |a 2η εκδ. | ||
| 260 | |a New York : |b Springer, |c c2012 | ||
| 300 | |a vii, 398 σ.; |b εικ.; |c 24 εκ. | ||
| 490 | 1 | |a Applied mathematical sciences |v ; 156 | |
| 504 | |a Βιβλιογραφία:σ.387-394. Ευρετήριο | ||
| 650 | 0 | 0 | |a Bifurcation theory. |
| 830 | 0 | |a Applied mathematical sciences (Springer-Verlag New York Inc.) |v ; 156 | |
| 852 | |a INST |b SAMOS |e 20141014 |h 515.392 KIE |p 005300037073 |q 005300037073 |t BK |y 0 | ||
| 901 | |a BIBL3-2014-3 | ||
| 909 | |a Σ |b 189195 | ||
| 922 | |a 3ΕΛΗ |b 201405 |c ΤΜΗΜΑ ΜΑΘΗΜΑΤΙΚΩΝ |d ΔΙΑΔΡΟΜΕΣ | ||
| 970 | |a ΚΟΣΙΕΡΗΣ |b ΧΡΗΣΤΟΣ |z 2014/10/14 | ||